000 01275nam2a2200277 4500
001 RU\NLR\ONL1\20134
005 20250806204046.0
035 _a(NLR Aleph) 010205858
090 _a66115
_c66115
100 _a20120726d1941 d y0rusy50 ca
101 0 _akom
102 _aRU
105 _ay |||||||||
200 0 _aЧ. 4
_e4-öд класслы
_fН. С. Попова да А. С. Пчелко
210 _d1941
215 _a116 с.
461 0 _1001RU\NLR\ONL1\20132
_12001#$aАрифметическöй задачаяс да упражнениеяс сборник$eначальнöй школаса...$fН. С. Попова$vЧ. 4
_1700#1$aПопова$bН. С.$cпедагог-математик$f1885-1975$gНаталья Сергеевна$3RU\NLR\AUTH\770198576$4070
701 1 _aПопова
_bН. С.
_cпедагог-математик
_f1885-1975
_gНаталья Сергеевна
_3RU\NLR\AUTH\770198576
_4070
701 1 _aПчёлко
_bА. С.
_f1890-1981
_gАлександр Спиридонович
_3RU\NLR\AUTH\770215769
_4070
801 0 _aRU
_bNLR
_c20120726
_gPSBO
852 _aNLR
_bОНЛ
_jКоми-з./3-1834
942 _cBOOK
945 _aРоссийская национальная библиотека
980 _aNB
980 _aBV